MARC

Tag First Indicator Second Indicator Subfields
LEADER 00000nam a2200000 4500
001 in00004289749
005 20200813084644.0
006 m g d
007 cr bn |||a|bb|
008 850625s1656 enk o 00| | eng d
035 |a (UnM)99873338 
037 |a CL0051000004  |b ProQuest Information and Learning. 300 N. Zeeb Rd., Ann Arbor, MI 48106 
040 |a Cu-RivES  |c Cu-RivES  |d CStRLIN  |e dcrb  |d WaOLN 
100 1 |a Hall, John,  |c of Richmond. 
245 1 4 |a The true cavalier examined by his principles; and found not guilty of schism or sedition. 
260 |a London, :  |b Printed by Tho. Newcomb, dwelling over against Baynards-Castle in Thames-street.,  |c 1656. 
300 |a 1 online resource ([8], 134 pages) 
336 |a text  |b txt  |2 rdacontent 
337 |a computer  |b c  |2 rdamedia 
338 |a online resource  |b cr  |2 rdacarrier 
500 |a Dedication signed: John Hall. 
500 |a Annotation on Thomason copy: "August. 21". 
500 |a Reproductions of the originals in the Yale University Library (Early English books) and in the British Library (Thomason tracts). 
510 4 |a Wing (2nd edition)  |c H361. 
510 4 |a Thomason  |c E.885[10]. 
533 |a Electronic reproduction.  |b Ann Arbor, Mich. :  |c UMI,  |d 1999-  |f (Early English books online)  |n Digital version of: (Thomason Tracts ; 133:E885[10])  |7 s1999 miun s 
650 0 |a Royalists  |z Great Britain  |v Early works to 1800. 
651 0 |a Great Britain  |x History  |y Puritan Revolution, 1642-1660  |v Early works to 1800. 
651 0 |a Great Britain  |x History  |y Commonwealth and Protectorate, 1649-1660  |v Early works to 1800. 
830 0 |a Early English books online. 
856 4 0 |u http://proxy.library.tamu.edu/login?url=https://search.proquest.com/docview/2248522485  |z Connect to the full text of this electronic book  |t 0 
999 f f |s b20249a6-0fbb-30d3-be0b-60681a992d18  |i 1d1f04f5-4ddc-3c20-bab7-a2d0f3b8d800  |t 0 
952 f f |a Texas A&M University  |b College Station  |c Electronic Resources  |d Available Online  |t 0  |h No information provided 
998 f f |t 0  |l Available Online